LEADER 00862nam0 2200265 450 001 000022267 005 20090130105927.0 010 $a88-7722-426-6 100 $a20090130d1998----km-y0itay50------ba 101 0 $aita 102 $aIT 105 $ay-------001yy 200 1 $a<>piano di sicurezza Dlgs 626 / 94$fRemo Zucchetti 210 $aRoma$cDei multimedia Tip. del genio civile$dc1998 215 $a232 p.$d28 cm$e1 CD-ROM 300 $aIn testa al front.: Luiss management 500 10$a<>piano di sicurezza Dlgs 626 / 94$947176 610 1 $aLavoro$aSicurezza$aLegislazione 676 $a344.450465$v20 700 1$aZucchetti,$bRemo$4070$040264 801 0$aIT$bUNIPARTHENOPE$c20090129$gRICA$2UNIMARC 912 $a000022267 951 $aS 359.43/24$bS C, 872$cDSA$d2009 996 $aPiano di sicurezza Dlgs 626$947176 997 $aUNIPARTHENOPE LEADER 01687nas 2200565-a 450 001 996210558603316 005 20230824213017.0 011 $a1945-7790 035 $a(DE-599)ZDB2452635-6 035 $a(OCoLC)244121930 035 $a(CKB)1000000000436280 035 $a(CONSER)--2008212823 035 $a(EXLCZ)991000000000436280 100 $a20080819a20099999 --- a 101 0 $aeng 135 $aur||||||||||| 181 $ctxt$2rdacontent 182 $cc$2rdamedia 183 $acr$2rdacarrier 200 14$aThe American economic journal$iApplied economics 210 $aNashville, TN $cAmerican Economic Association$d2009- 215 $a1 online resource 300 $aRefereed/Peer-reviewed 311 $a1945-7782 517 1 $aAEJ. 531 $aAPPLIED ECONOMICS 531 $aTHE AMERICAN ECONOMIC JOURNAL 531 $aAMERICAN ECONOMIC JOURNAL 531 $aTHE AMERICAN ECONOMIC JOURNAL: APPLIED ECONOMICS 531 $aAM ECON J APPL ECON 531 $aAM ECON J-APPL ECON 531 $aAM. ECON. J.-APPL. ECON 606 $aEconomics$vPeriodicals 606 $aEconomics$2fast$3(OCoLC)fst00902116 606 $aEconomie$2gtt 606 $aMicroeconomia$xRevistes$2lemac 606 $aEconomètrica$xRevistes$2lemac 608 $aPeriodicals.$2fast 608 $aPeriodicals.$2lcgft 615 0$aEconomics 615 7$aEconomics. 615 17$aEconomie. 615 7$aMicroeconomia$xRevistes. 615 7$aEconomètrica$xRevistes. 676 $a330 712 02$aAmerican Economic Association, 906 $aJOURNAL 912 $a996210558603316 996 $aThe American economic journal$92288377 997 $aUNISA